Life Savers: Original Five Flavor Pack Quiz Stats

 Plays Quiz Updated Aug 15, 2019

Score 0/5 Timer 00:30
4 Plays Today
% Correct
Cherry
89.1%
Orange
82%
Lemon
81.7%
Lime
72%
Pineapple
50.6%

You're not logged in!

Compare scores with friends on all Sporcle quizzes.
OR
Log In

Sporcle TV

Today on Sporcle TV


Watch our educational content, quiz creation guides, and fun videos on Sporcle TV.

Show Comments

Extras

Top Quizzes Today


Score Distribution

Your Account Isn't Verified!

In order to create a playlist on Sporcle, you need to verify the email address you used during registration. Go to your Sporcle Settings to finish the process.

Report this User

Report this user for behavior that violates our Community Guidelines.

Details: